000 00933cam a2200253 a 4500
001 000010012
005 20200929161812.0
008 900531s1989 sp 001 p spa
020 _a8486256666
040 _aDO-SdBNP
_bspa
_cDLC
_dBNPHU
082 _a861.64
_bU81c
100 1 _aUrrutia, Jorge.
_b1945-
_924957
245 1 0 _aConstrucción de la realidad :
_bantología 1966-1989 /
_cJorge Urrutia ; introducción, Manuel Ángel Vázquez Medel.
260 _aSevilla, (España) :
_bAlfar,
_c1989.
300 _a129 p. ;
_c22 cm.
490 1 _aBiblioteca de autores andaluces contemporaneos
_aPoesía
650 4 _aPoesía española
_9631
650 4 _aLiteratura española
_9632
650 4 _aPoesía española
_xColecciones
_93395
700 1 _aVázquez Medel, Manuel Ángel,
_eintr.
_924958
830 0 _aBiblioteca de autores andaluces contemporaneos ;
_pPoesía
_924959
910 _aCatalogación por copia / LC
049 _aBNGR
999 _c9771
_d9771